000
00246nam a22001217a 4500
999
_c
12766
_d
12766
020
_a
9789352868766
100
_a
Baase Sara
245
_a
A Gift of Fire
250
_a
4th
260
_a
India
_b
Pearson
_c
2018
300
_a
494 pages
942
_c
BK